[Event "Spiltan & Pelaro IM"]
[Site "?"]
[Date "2004.06.18"]
[Round "7"]
[White "Carlhammar, Magnus"]
[Black "Bellon, Juan"]
[Result "1/2-1/2"]
[WhiteElo "2284"]
[BlackElo "2411"]
[PlyCount "162"]
[EventDate "2004.06.12"]

1. d4 e6 2. g3 c5 3. Nf3 b6 4. Bg2 Bb7 5. O-O Be7 6. c4 cxd4 7. Qxd4 Bf6 8. Qd3
Na6 9. Nc3 Nc5 10. Qc2 Ne7 11. Rd1 Bc6 12. Bg5 Bxc3 13. Qxc3 f6 14. Be3 Nf5 15.
Nd4 Nxd4 16. Bxd4 Bxg2 17. Kxg2 Rc8 18. Bxc5 Rxc5 19. Rd6 Qc7 20. Rad1 Rxc4 21.
Qd3 Qb7+ 22. f3 Rc7 23. Rd2 Qc8 24. h4 g6 25. h5 Rg8 26. hxg6 Rxg6 27. Qb5 Rg5
28. Qa4 Ke7 29. Qa3 Ke8 30. Qa4 b5 31. Qh4 h5 32. Qe4 Rf5 33. Qe3 Ke7 34. Qa3
Kf7 35. Qd3 Ke8 36. Qe3 Rg5 37. Qd4 Ke7 38. Qb4 Rcc5 39. Qa3 Rge5 40. Kf2 Qc7
41. f4 Red5 42. R6xd5 exd5 43. Rxd5 d6 44. Qe3+ Kd7 45. Rd2 Rc1 46. Qd4 Qc5 47.
Qxc5 Rxc5 48. e4 Ke6 49. Ke3 a5 50. Rh2 b4 51. Kd4 a4 52. f5+ Kd7 53. Rxh5 Rc2
54. Rh7+ Kc6 55. Ra7 a3 56. bxa3 Rxa2 57. Ra6+ Kb5 58. Ra8 Rxa3 59. Rb8+ Ka4
60. Kd5 Rxg3 61. Kxd6 Rc3 62. Ke6 Rc6+ 63. Kd5 Rc7 64. Rf8 Rd7+ 65. Kc4 Rc7+
66. Kd5 Rd7+ 67. Kc5 Re7 68. Rxf6 Rxe4 69. Ra6+ Kb3 70. Kd5 Rf4 71. Ke5 Rf1 72.
f6 Kc3 73. Rc6+ Kd3 74. Rd6+ Kc3 75. Rc6+ Kd3 76. Rb6 Kc3 77. Ke6 b3 78. f7 b2
79. Ke7 Rxf7+ 80. Kxf7 Kc2 81. Rxb2+ Kxb2 1/2-1/2

[Event "Spiltan & Pelaro IM"]
[Site "?"]
[Date "2004.06.18"]
[Round "7"]
[White "Dumitrache, Dragos"]
[Black "Cioara, Andrei"]
[Result "1/2-1/2"]
[WhiteElo "2490"]
[BlackElo "2383"]
[PlyCount "23"]
[EventDate "2004.06.12"]

1. d4 Nf6 2. c4 e6 3. Nc3 Bb4 4. e3 O-O 5. Bd3 d5 6. Nf3 c5 7. O-O cxd4 8. exd4
dxc4 9. Bxc4 Nbd7 10. Bg5 Bxc3 11. bxc3 Qc7 12. Qd3 1/2-1/2

[Event "Spiltan & Pelaro IM"]
[Site "?"]
[Date "2004.06.18"]
[Round "7"]
[White "Polej, Vladimir"]
[Black "Åkesson, Joel"]
[Result "1/2-1/2"]
[WhiteElo "2405"]
[BlackElo "2360"]
[PlyCount "110"]
[EventDate "2004.06.12"]

1. b4 e5 2. a3 d5 3. Bb2 Nd7 4. e3 Ngf6 5. Nf3 Bd6 6. c4 dxc4 7. Bxc4 O-O 8.
Qc2 Qe7 9. Nc3 a5 10. b5 Nc5 11. d4 Ncd7 12. Ne4 Nxe4 13. Qxe4 Nf6 14. Qh4 e4
15. Ne5 Be6 16. Be2 Bd5 17. O-O Rae8 18. Rfc1 c5 19. bxc6 bxc6 20. Nc4 Rb8 21.
Nxd6 Rxb2 22. Nf5 Qe6 23. Qg5 g6 24. Ng3 Rfb8 25. h4 Kg7 26. Qf4 a4 27. h5 h6
28. hxg6 fxg6 29. Bd1 Rf8 30. Rab1 Rxb1 31. Rxb1 Rf7 32. Qe5 Qxe5 33. dxe5 Nd7
34. e6 Bxe6 35. Nxe4 Bf5 36. Rb4 c5 37. Rxa4 Nb6 38. Ra6 Bxe4 39. Rxb6 Rc7 40.
f3 Bd3 41. Rb3 c4 42. Rc3 Ra7 43. e4 Kf6 44. Kf2 Rb7 45. Ke3 Rb2 46. g3 g5 47.
f4 Rg2 48. Kf3 Rb2 49. Ke3 Rg2 50. g4 gxf4+ 51. Kxf4 Rb2 52. Ba4 Rf2+ 53. Kg3
Rb2 54. Kf4 Rf2+ 55. Kg3 Rb2 1/2-1/2

[Event "Spiltan & Pelaro IM"]
[Site "?"]
[Date "2004.06.18"]
[Round "7"]
[White "Tetenkina, Irina"]
[Black "Welin, Mats"]
[Result "1-0"]
[WhiteElo "2199"]
[BlackElo "2242"]
[PlyCount "63"]
[EventDate "2004.06.12"]

1. Nf3 d5 2. c4 d4 3. b4 Bg4 4. Ne5 Bf5 5. Bb2 f6 6. Qa4+ c6 7. Nf3 e5 8. e3
dxe3 9. fxe3 Nd7 10. Be2 a5 11. O-O axb4 12. Qd1 Be6 13. d4 Bd6 14. d5 cxd5 15.
cxd5 Bf7 16. Nbd2 Ne7 17. e4 O-O 18. Nh4 Nc5 19. Kh1 Kh8 20. Bg4 Nc8 21. Qf3
Na4 22. Rab1 Nxb2 23. Rxb2 Ra3 24. Nb3 Nb6 25. Rc2 Na4 26. Rc8 Qb6 27. Qh3 Rxc8
28. Bxc8 Rxa2 29. Be6 Rf2 30. Rc1 Be8 31. Ng6+ Bxg6 32. Rc8+ 1-0

[Event "Spiltan & Pelaro IM"]
[Site "?"]
[Date "2004.06.18"]
[Round "7"]
[White "Sagit, Rauan"]
[Black "Wengholm, Anders"]
[Result "1-0"]
[WhiteElo "2081"]
[BlackElo "2206"]
[PlyCount "113"]
[EventDate "2004.06.12"]

1. e4 d6 2. d4 Nf6 3. Nc3 g6 4. Nf3 Bg7 5. h3 O-O 6. Be2 Nc6 7. d5 Nb8 8. Be3
a6 9. Qd2 b5 10. a3 Re8 11. O-O Bb7 12. Bh6 Bh8 13. Rad1 c6 14. Ng5 Nbd7 15. f4
Rc8 16. Bf3 cxd5 17. exd5 Nb6 18. Qe2 Qd7 19. Nxf7 Kxf7 20. Qe6+ Qxe6 21. dxe6+
Kxe6 22. Bxb7 Nc4 23. Rde1+ Kf7 24. Bxc8 Rxc8 25. Nd1 Ng8 26. Bg5 Nxb2 27. Re2
Nc4 28. Rf3 Bd4+ 29. Kh2 Bc5 30. f5 gxf5 31. g4 Bxa3 32. Rxf5+ Kg6 33. Bxe7 Kg7
34. Bh4 Bc1 35. Bf2 Nh6 36. Bd4+ Ne5 37. Rf1 Nhf7 38. Ne3 Bxe3 39. Bxe3 a5 40.
Bd4 Rc4 41. c3 b4 42. Bxe5+ Nxe5 43. cxb4 axb4 44. Rd1 Rc6 45. Rb2 Rb6 46. Rb3
Rc6 47. Rxb4 Rc2+ 48. Kg3 Rc3+ 49. Kg2 Rc2+ 50. Kf1 Nf7 51. Rb3 h5 52. gxh5 Rc5
53. Rg3+ Kh6 54. Rf3 Ng5 55. Rxd6+ Kxh5 56. Rfd3 Rc2 57. Rd8 1-0

[Event "Spiltan & Pelaro IM"]
[Site "?"]
[Date "2004.06.18"]
[Round "7"]
[White "Johansson, Robin"]
[Black "Ask, Josef"]
[Result "1-0"]
[WhiteElo "1959"]
[BlackElo "2183"]
[PlyCount "63"]
[EventDate "2004.06.12"]

1. d4 e6 2. c4 f5 3. Nc3 Nf6 4. e3 Bb4 5. Qc2 b6 6. Bd3 Bb7 7. f3 c5 8. Nge2
O-O 9. O-O d6 10. Nd1 d5 11. a3 Ba5 12. cxd5 Qxd5 13. dxc5 bxc5 14. Bc4 Qc6 15.
Nf4 Nd5 16. Nf2 Rf6 17. Rd1 Nxf4 18. exf4 Rg6 19. Qxf5 Nd7 20. Qe4 Qc7 21.
Bxe6+ Kh8 22. Qe2 Re8 23. f5 Rexe6 24. fxe6 Ne5 25. Bf4 Rxe6 26. Nd3 Ba6 27.
Bxe5 Qe7 28. f4 Bb6 29. Kh1 Rh6 30. Qg4 Rg6 31. Qf5 Rxg2 32. Kxg2 1-0

[Event "Spiltan & Pelaro IM"]
[Site "?"]
[Date "2004.06.18"]
[Round "7"]
[White "Helin, Mikael"]
[Black "Lönngren, Tobias"]
[Result "1-0"]
[WhiteElo "1957"]
[BlackElo "2148"]
[PlyCount "63"]
[EventDate "2004.06.12"]

1. e4 c6 2. d4 d5 3. f3 e6 4. Be3 Nd7 5. Bd3 b5 6. Ne2 Nb6 7. b3 Nf6 8. e5 Nfd7
9. Nd2 a6 10. O-O c5 11. c3 b4 12. f4 bxc3 13. Nf3 g6 14. g4 cxd4 15. Nexd4 Bh6
16. g5 Bf8 17. h4 Nc5 18. Rc1 Ne4 19. Kg2 Bb7 20. h5 Ba3 21. Rc2 Nd7 22. Rh1
Ke7 23. b4 Rc8 24. Qb1 Nb6 25. Qb3 Bb2 26. b5 Nc4 27. Qb4+ Kd7 28. bxa6 Nxe3+
29. Kg1 Nc5 30. Bb5+ Ke7 31. axb7 Nxc2 32. b8=Q 1-0

[Event "Spiltan & Pelaro IM"]
[Site "?"]
[Date "2004.06.18"]
[Round "7"]
[White "Nithander, Victor"]
[Black "Wesslén, Ulf"]
[Result "1-0"]
[WhiteElo "2198"]
[BlackElo "2052"]
[PlyCount "61"]
[EventDate "2004.06.12"]

1. e4 Nf6 2. e5 Nd5 3. d4 d6 4. Nf3 g6 5. Bc4 Nb6 6. Bb3 Nc6 7. e6 fxe6 8. Ng5
d5 9. Qf3 Nxd4 10. Qf7+ Kd7 11. Be3 Bh6 12. Nxe6 Nxe6 13. Bxh6 Qg8 14. Qxg8
Rxg8 15. Nd2 c5 16. c3 Kc6 17. O-O-O Nd8 18. Rhe1 c4 19. Bc2 e5 20. Nf3 Nd7 21.
Ng5 Nf6 22. Rxe5 Kd6 23. f4 b5 24. Ne4+ Nxe4 25. Rdxd5+ Kc7 26. Bxe4 Rb8 27.
Re7+ Kb6 28. Bg7 Bb7 29. Bd4+ Ka6 30. Rd6+ Ka5 31. Bc5 1-0

[Event "Spiltan & Pelaro IM"]
[Site "?"]
[Date "2004.06.19"]
[Round "8"]
[White "Bellon, Juan"]
[Black "Gagarin, Vasilij"]
[Result "1-0"]
[WhiteElo "2411"]
[BlackElo "2422"]
[PlyCount "75"]
[EventDate "2004.06.12"]

1. d4 d5 2. c4 c6 3. Nf3 Nf6 4. Nc3 e6 5. Bg5 h6 6. Bh4 dxc4 7. e4 g5 8. Bg3 b5
9. Ne5 b4 10. Na4 Nxe4 11. Qf3 Nf6 12. Bxc4 Bg7 13. Rd1 O-O 14. h4 g4 15. Qe2
Nbd7 16. Nxc6 Qe8 17. Nxb4 Bb7 18. O-O Ne4 19. Nc3 Nxg3 20. fxg3 Qb8 21. Qxg4
Bxg2 22. Rxf7 Rxf7 23. Qxe6 Qxb4 24. Qxf7+ Kh8 25. Kxg2 Qxb2+ 26. Ne2 Nf6 27.
Kh3 Qc2 28. Rf1 Rf8 29. Qe6 Re8 30. Qc6 Rxe2 31. Rxf6 Rh2+ 32. Kg4 Qd1+ 33. Rf3
Qxd4+ 34. Kh5 Qe5+ 35. Kg6 Qb8 36. Qd7 Qb6+ 37. Be6 Qb1+ 38. Rf5 1-0

[Event "Spiltan & Pelaro IM"]
[Site "?"]
[Date "2004.06.19"]
[Round "8"]
[White "Cioara, Andrei"]
[Black "Polej, Vladimir"]
[Result "1-0"]
[WhiteElo "2383"]
[BlackElo "2405"]
[PlyCount "101"]
[EventDate "2004.06.12"]

1. d4 g6 2. c4 Bg7 3. g3 d5 4. cxd5 Nf6 5. Bg2 Nxd5 6. Nf3 O-O 7. O-O Nc6 8.
Nc3 Nb6 9. e3 Bf5 10. d5 Na5 11. Nd4 Bd7 12. b3 c5 13. Nde2 e6 14. Ba3 Nxd5 15.
Nxd5 exd5 16. Bxc5 Bb5 17. Rc1 Re8 18. Re1 Qg5 19. h4 Qf5 20. Nd4 Bxd4 21. Bxd4
Nc6 22. Rc5 Nxd4 23. Qxd4 Bc6 24. Bxd5 Rad8 25. Bxc6 Rxd4 26. Rxf5 bxc6 27. Ra5
Rd7 28. Rc1 Re6 29. Ra6 Rc7 30. b4 Kf8 31. Rc5 Ke7 32. Rca5 Kf6 33. Rxa7 Rc8
34. Rb7 Kg7 35. Raa7 Rf6 36. a4 h6 37. a5 g5 38. hxg5 hxg5 39. a6 c5 40. b5 c4
41. Rc7 Rd8 42. Rd7 Rh8 43. Rac7 Rfh6 44. a7 c3 45. Rxf7+ Kg6 46. Rc6+ Kxf7 47.
Rxh6 Rc8 48. Rc6 Rxc6 49. a8=Q Rc7 50. Qd5+ Ke8 51. b6 1-0

[Event "Spiltan & Pelaro IM"]
[Site "?"]
[Date "2004.06.19"]
[Round "8"]
[White "Wengholm, Anders"]
[Black "Valaker, Ole"]
[Result "0-1"]
[WhiteElo "2206"]
[BlackElo "2244"]
[PlyCount "39"]
[EventDate "2004.06.12"]

1. Nf3 Nc6 2. d4 d5 3. c4 e5 4. Nxe5 Nxe5 5. dxe5 d4 6. g3 h5 7. Bg2 c6 8. O-O
Be6 9. Nd2 Qd7 10. Nf3 Bc5 11. Qa4 h4 12. b4 Be7 13. Rd1 Bh3 14. Bh1 hxg3 15.
hxg3 Qg4 16. Nxd4 Rd8 17. Bf4 Qh5 18. Nxc6 Bd7 19. Bf3 Qh2+ 20. Kf1 0-1

[Event "Spiltan & Pelaro IM"]
[Site "?"]
[Date "2004.06.19"]
[Round "8"]
[White "Edlund, Robin"]
[Black "Tetenkina, Irina"]
[Result "1/2-1/2"]
[WhiteElo "2237"]
[BlackElo "2199"]
[PlyCount "57"]
[EventDate "2004.06.12"]

1. e4 e6 2. d4 d5 3. Nc3 dxe4 4. Nxe4 Nd7 5. Nf3 Ngf6 6. Nxf6+ Nxf6 7. c3 c5 8.
Ne5 a6 9. Bg5 Qa5 10. Nc4 Qc7 11. Qf3 Nd5 12. Bd3 cxd4 13. O-O b5 14. Nd2 dxc3
15. bxc3 Bd6 16. a4 Bxh2+ 17. Kh1 Bf4 18. Bxf4 Qxf4 19. Qxf4 Nxf4 20. Be4 Rb8
21. axb5 axb5 22. Bc6+ Bd7 23. Bxd7+ Kxd7 24. Ra7+ Kc6 25. Rxf7 g5 26. Nf3 h6
27. Nd4+ Kd6 28. Rb1 Nd5 29. Rxb5 1/2-1/2

[Event "Spiltan & Pelaro IM"]
[Site "?"]
[Date "2004.06.19"]
[Round "8"]
[White "Johansson, Robin"]
[Black "Nithander, Victor"]
[Result "1/2-1/2"]
[WhiteElo "1959"]
[BlackElo "2198"]
[PlyCount "85"]
[EventDate "2004.06.12"]

1. d4 Nf6 2. Nf3 g6 3. c4 Bg7 4. Nc3 O-O 5. e4 d6 6. Be2 e5 7. O-O Nc6 8. d5
Ne7 9. Ne1 Nd7 10. Nd3 f5 11. Bd2 f4 12. Bg4 h5 13. Be6+ Kh7 14. f3 c6 15. b4
Nb6 16. Bxc8 Rxc8 17. Nb2 cxd5 18. cxd5 Nc4 19. Nxc4 Rxc4 20. a3 Qb6+ 21. Kh1
Rfc8 22. Ne2 Rc2 23. Rc1 Ra2 24. Rxc8 Nxc8 25. Bc1 Qc7 26. Qd3 Qc2 27. Qxc2
Rxc2 28. Re1 b5 29. g3 g5 30. h4 g4 31. gxf4 Bf6 32. fxe5 Bxh4 33. Nd4 Rc4 34.
Rd1 Bf2 35. Nf5 gxf3 36. exd6 Nb6 37. Rf1 Rxe4 38. Rxf2 Re1+ 39. Kh2 Rxc1 40.
Rxf3 Rd1 41. Ne7 Nxd5 42. Rf5 Nxe7 43. dxe7 1/2-1/2

[Event "Spiltan & Pelaro IM"]
[Site "?"]
[Date "2004.06.19"]
[Round "8"]
[White "Dumitrache, Dragos"]
[Black "Sagit, Rauan"]
[Result "1-0"]
[WhiteElo "2490"]
[BlackElo "2081"]
[PlyCount "35"]
[EventDate "2004.06.12"]

1. d4 d5 2. c4 c6 3. Nf3 Nf6 4. Nc3 e6 5. e3 Nbd7 6. Qc2 a6 7. b3 Bd6 8. Be2
O-O 9. O-O Re8 10. Rd1 Qe7 11. Bb2 dxc4 12. bxc4 e5 13. a4 Bb4 14. dxe5 Ng4 15.
e6 fxe6 16. Ne4 e5 17. c5 Kh8 18. Nd6 1-0

[Event "Spiltan & Pelaro IM"]
[Site "?"]
[Date "2004.06.19"]
[Round "8"]
[White "Welin, Mats"]
[Black "Wesslén, Ulf"]
[Result "0-1"]
[WhiteElo "2242"]
[BlackElo "2052"]
[PlyCount "80"]
[EventDate "2004.06.12"]

1. e4 c5 2. Nf3 Nc6 3. d4 cxd4 4. Nxd4 Nf6 5. Nc3 e5 6. Ndb5 d6 7. Bg5 a6 8.
Na3 b5 9. Bxf6 gxf6 10. Nd5 f5 11. c3 fxe4 12. Bxb5 axb5 13. Nxb5 Be6 14. Nbc7+
Kd7 15. Nxa8 Bxd5 16. Qxd5 f5 17. Qf7+ Ne7 18. Qf6 Rg8 19. O-O-O Kc6 20. c4 Rg6
21. Qxe5 Qxa8 22. Qb5+ Kc7 23. Kb1 Bh6 24. g3 Re6 25. Rhe1 Re5 26. Qb4 Rc5 27.
f4 Bg7 28. g4 Rc6 29. c5 dxc5 30. Qc4 Qb8 31. b3 Qf8 32. Rd2 Bd4 33. a3 e3 34.
Rd3 fxg4 35. b4 Qxf4 36. b5 Qf2 37. Qc1 Qf5 38. Qc2 Rh6 39. Ka2 Qe5 40. Re2 Nd5
0-1

[Event "Spiltan & Pelaro IM"]
[Site "?"]
[Date "2004.06.19"]
[Round "8"]
[White "Nemeth, Sebastian"]
[Black "Helin, Michael"]
[Result "0-1"]
[WhiteElo "2124"]
[BlackElo "1957"]
[PlyCount "82"]
[EventDate "2004.06.12"]

1. e4 c5 2. Nf3 e6 3. c3 Nf6 4. e5 Nd5 5. Bc4 Nc6 6. O-O Nb6 7. Bb3 d6 8. exd6
Bxd6 9. d4 c4 10. Bc2 Qc7 11. Re1 Ne7 12. Nbd2 f5 13. Nf1 h6 14. Ne5 h5 15. Bg5
Nbd5 16. Nd2 b5 17. a4 Nf6 18. axb5 Bxe5 19. Rxe5 Ng4 20. b6 Qb8 21. Rxa7 Rxa7
22. bxa7 Qxa7 23. Rc5 Qb8 24. Nf3 Bb7 25. Ba4+ Kf8 26. Ne5 Nxe5 27. dxe5 Bd5
28. Qd4 Kf7 29. Rb5 Qc7 30. Rb4 Ra8 31. h4 Nc6 32. Bxc6 Qxc6 33. Rb6 Ra1+ 34.
Kh2 Qa8 35. f3 Qa4 36. Be3 Qd1 37. Qf4 Qe2 38. Kg3 Rf1 39. Ra6 Qe1+ 40. Bf2
Qxf2+ 41. Kh2 Qe1 0-1

[Event "Spiltan & Pelaro IM"]
[Site "?"]
[Date "2004.06.20"]
[Round "9"]
[White "Gagarin, Vasilij"]
[Black "Dumitrache, Dragos"]
[Result "1/2-1/2"]
[WhiteElo "2422"]
[BlackElo "2490"]
[PlyCount "20"]
[EventDate "2004.06.12"]

1. d4 d5 2. c4 c6 3. Nc3 Nf6 4. e3 e6 5. Nf3 Nbd7 6. Qc2 Bd6 7. Bd3 O-O 8. O-O
dxc4 9. Bxc4 Qe7 10. Bd2 e5 1/2-1/2

[Event "Spiltan & Pelaro IM"]
[Site "?"]
[Date "2006.06.20"]
[Round "9"]
[White "Åkesson, Joel"]
[Black "Cioara, Andrei"]
[Result "1/2-1/2"]
[WhiteElo "2360"]
[BlackElo "2383"]
[PlyCount "65"]
[EventDate "2004.06.12"]

1. d4 e6 2. c4 Nf6 3. Nf3 Bb4+ 4. Nbd2 b6 5. a3 Bxd2+ 6. Bxd2 Bb7 7. Bg5 d6 8.
e3 Nbd7 9. Be2 O-O 10. O-O h6 11. Bh4 Qe7 12. b4 c5 13. Qb3 Rab8 14. Rfd1 g5
15. Bg3 Ne4 16. Nd2 Nxg3 17. hxg3 d5 18. cxd5 Bxd5 19. Bc4 Bxc4 20. Qxc4 b5 21.
Qc3 c4 22. Ne4 Rfd8 23. a4 f5 24. Nc5 Nxc5 25. dxc5 Rxd1+ 26. Rxd1 Rd8 27. Rd4
e5 28. Rd2 a6 29. g4 fxg4 30. axb5 axb5 31. Rxd8+ Qxd8 32. Qxe5 g3 33. fxg3
1/2-1/2

[Event "Spiltan & Pelaro IM"]
[Site "?"]
[Date "2004.06.20"]
[Round "9"]
[White "Polej, Vladimir"]
[Black "Carlhammar, Magnus"]
[Result "0-1"]
[WhiteElo "2405"]
[BlackElo "2284"]
[PlyCount "98"]
[EventDate "2004.06.12"]

1. Nf3 c5 2. g3 Nc6 3. Bg2 g6 4. c4 Bg7 5. O-O d6 6. Nc3 e5 7. a3 a5 8. Ne1 Be6
9. d3 Nge7 10. Nd5 O-O 11. Bg5 f6 12. Bd2 Rb8 13. Nc2 b5 14. Rb1 b4 15. Nce3
Bf7 16. f4 f5 17. Be1 Nxd5 18. Nxd5 Ne7 19. Ne3 d5 20. Bf2 d4 21. Nc2 e4 22.
dxe4 fxe4 23. Bxe4 Bxc4 24. b3 Bb5 25. Bd3 Nd5 26. Bxb5 Rxb5 27. Qd3 Nc3 28.
axb4 axb4 29. Rb2 Qd5 30. Ne1 Re8 31. Nf3 Rb7 32. Re1 Rbe7 33. Kg2 Bf6 34. h4
Re4 35. Kf1 Kg7 36. Ng1 R4e7 37. g4 Kh8 38. g5 Bg7 39. h5 Re4 40. hxg6 hxg6 41.
Nf3 R8e6 42. Nh4 Rxf4 43. Qh3 Kg8 44. Ra1 Rf8 45. Ra7 Nd1 46. Rba2 Nxf2 47.
Rxg7+ Kxg7 48. Nf5+ Qxf5 49. Ra7+ Rf7 0-1

[Event "Spiltan & Pelaro IM"]
[Site "?"]
[Date "2004.06.20"]
[Round "9"]
[White "Tetenkina, Irina"]
[Black "Sagit, Rauan"]
[Result "1-0"]
[WhiteElo "2199"]
[BlackElo "2081"]
[PlyCount "111"]
[EventDate "2004.06.12"]

1. Nf3 c5 2. c4 g6 3. Nc3 Bg7 4. e3 Nc6 5. d4 cxd4 6. exd4 d6 7. Be2 Nf6 8. O-O
O-O 9. h3 d5 10. Ne5 dxc4 11. Nxc6 bxc6 12. Bxc4 Nd5 13. Bg5 h6 14. Bxd5 cxd5
15. Bf4 e6 16. Be5 Bxe5 17. dxe5 Qb6 18. Qd2 Kh7 19. Rfc1 Bd7 20. Nd1 f5 21.
exf6 Rxf6 22. Qc3 Raf8 23. Qg3 R6f7 24. Rc7 Ba4 25. Rxf7+ Rxf7 26. b3 Bc6 27.
Ne3 Qc7 28. Qxc7 Rxc7 29. Rc1 Rc8 30. Ng4 Bd7 31. Rxc8 Bxc8 32. f4 g5 33. Kf2
Kg7 34. Ke3 h5 35. Ne5 Kf6 36. g3 Bb7 37. Nd7+ Kf5 38. fxg5 Kxg5 39. Ne5 Kf5
40. Kd4 Ba6 41. Nc6 Bf1 42. g4+ hxg4 43. hxg4+ Kxg4 44. Ke5 Bg2 45. b4 a6 46.
Nd4 Be4 47. Nxe6 Kf3 48. Kd4 Bb1 49. a4 Bc2 50. a5 Bf5 51. Nc5 Bc8 52. Kxd5 Ke3
53. Kc6 Kd4 54. Kb6 Kc4 55. Nxa6 Bd7 56. Nc5 1-0

[Event "Spiltan & Pelaro IM"]
[Site "?"]
[Date "2004.06.20"]
[Round "9"]
[White "Valaker, Ole"]
[Black "Edlund, Robin"]
[Result "1-0"]
[WhiteElo "2245"]
[BlackElo "2237"]
[PlyCount "91"]
[EventDate "2004.06.12"]

1. d4 g6 2. Nf3 f5 3. Nc3 Bg7 4. e4 fxe4 5. Nxe4 d5 6. Nc5 b6 7. Nd3 Nf6 8.
Nde5 O-O 9. Bd3 c5 10. c3 Ne4 11. Be3 Qd6 12. Qc2 Nc6 13. Bxe4 dxe4 14. Qxe4
Nxe5 15. dxe5 Qb8 16. Qc4+ e6 17. O-O-O Re8 18. Rhe1 Bb7 19. Ng5 Qxe5 20. Bf4
Qf5 21. Rxe6 Rxe6 22. Qxe6+ Qxe6 23. Nxe6 Bxg2 24. Nxg7 Kxg7 25. Rd7+ Kf6 26.
Rxh7 Bd5 27. b3 Bf7 28. Bg5+ Kxg5 29. Rxf7 Rh8 30. Rxa7 Rxh2 31. Rf7 Kg4 32.
Kd2 g5 33. a4 Rh1 34. Rf6 Rf1 35. Ke2 Rc1 36. Kd3 Rd1+ 37. Kc4 Rd2 38. Kb5 Rb2
39. b4 cxb4 40. cxb4 Kh3 41. f3 Kg3 42. Rxb6 Kxf3 43. Rf6+ Ke3 44. Rg6 Kf4 45.
a5 g4 46. a6 1-0

[Event "Spiltan & Pelaro IM"]
[Site "?"]
[Date "2004.06.20"]
[Round "9"]
[White "Helin, Mikael"]
[Black "Johansson, Robin"]
[Result "0-1"]
[WhiteElo "1957"]
[BlackElo "1959"]
[PlyCount "136"]
[EventDate "2004.06.12"]

1. e4 g6 2. c4 Bg7 3. Nc3 d6 4. g3 e5 5. Bg2 Be6 6. d3 Nc6 7. h3 Qd7 8. Nge2 f5
9. f4 Nf6 10. exf5 gxf5 11. O-O O-O 12. Kh2 Kh8 13. Rb1 Rae8 14. b4 Nd8 15. Be3
a6 16. a4 e4 17. a5 exd3 18. Qxd3 Bxc4 19. Qxc4 Rxe3 20. Nd1 d5 21. Qc2 Re7 22.
Ng1 Ne4 23. Rb3 Nc6 24. Nf3 Qd6 25. Ne3 Rd7 26. Rd1 Nxb4 27. Qb1 c5 28. Nc4 Qc7
29. Nce5 Rdd8 30. Re1 Kg8 31. Re2 Qxa5 32. Rxe4 dxe4 33. Ng5 Rf6 34. Qc1 Rd4
35. Bf1 b6 36. Ra3 Na2 37. Bc4+ Kf8 38. Rxa2 Qb4 39. Nxh7+ Ke8 40. Nxf6+ Bxf6
41. Bxa6 Bxe5 42. fxe5 c4 43. Rb2 Qc5 44. Bb5+ Kf7 45. e6+ Kxe6 46. Qh6+ Kf7
47. Ra2 Qxb5 48. Qh7+ Ke6 49. Qg6+ Ke5 50. Qg7+ Kd5 51. Rf2 Kc5 52. Rxf5+ Rd5
53. Qe7+ Kd4 54. Rf2 c3 55. Qf6+ Kc4 56. Qe6 Kd3 57. Qg4 Qb4 58. h4 Qe7 59.
Qe2+ Kd4 60. Rf3 Qe5 61. Qd1+ Kc5 62. Qg1+ Kc6 63. Re3 Rd2+ 64. Kh1 Qd4 65. h5
Rd1 66. Re1 Qxg1+ 67. Kxg1 Rxe1+ 68. Kf2 Rh1 0-1

[Event "Spiltan & Pelaro IM"]
[Site "?"]
[Date "2004.06.20"]
[Round "9"]
[White "Wesslén, Ulf"]
[Black "Nemeth, Sebastian"]
[Result "0-1"]
[WhiteElo "2052"]
[BlackElo "2124"]
[PlyCount "76"]
[EventDate "2004.06.12"]

1. d4 Nf6 2. c4 e6 3. Nc3 c5 4. d5 exd5 5. cxd5 d6 6. e4 g6 7. Bd3 Bg7 8. Nge2
O-O 9. h3 Na6 10. O-O Nc7 11. Ng3 a6 12. a4 Rb8 13. a5 b5 14. axb6 Rxb6 15. f4
Nd7 16. Qf3 Rb4 17. Kh1 Qh4 18. e5 dxe5 19. f5 Nf6 20. Nce4 Nxe4 21. Bxe4 Nb5
22. Kh2 Nd6 23. Bc2 e4 24. Qf2 Be5 25. fxg6 hxg6 26. Ra3 Nf5 27. Bf4 e3 28.
Nxf5 Rxf4 29. Nxh4 Rxf2+ 30. Kg1 Rxc2 31. Nf3 e2 32. Rb1 Bxb2 33. Rb3 Bd4+ 34.
Kh2 Bd7 35. Rb7 Bb5 36. Re7 Bf6 37. Re4 Rd8 38. Rf4 Bg7 0-1

[Event "Spiltan & Pelaro IM"]
[Site "?"]
[Date "2004.06.20"]
[Round "9"]
[White "Lönngren, Tobias"]
[Black "Ask, Josef"]
[Result "0-1"]
[WhiteElo "2148"]
[BlackElo "2183"]
[PlyCount "71"]
[EventDate "2004.06.12"]

1. d4 g6 2. Nf3 Bg7 3. c4 d6 4. Nc3 Nd7 5. e4 e5 6. Be2 Ngf6 7. Bg5 h6 8. Bh4
O-O 9. d5 g5 10. Bg3 Nh5 11. Ng1 Nf4 12. Bxf4 exf4 13. Nf3 g4 14. Nd4 Ne5 15.
Nf5 Bxf5 16. exf5 Qg5 17. f6 Qxf6 18. Bd3 Rae8 19. O-O Qh4 20. f3 gxf3 21. Rxf3
Nxf3+ 22. Qxf3 Re1+ 23. Rxe1 Qxe1+ 24. Bf1 Bxc3 25. bxc3 Qe3+ 26. Qxe3 fxe3 27.
Be2 f5 28. Bf3 Re8 29. Be2 Re4 30. g3 f4 31. Kg2 fxg3 32. hxg3 Kg7 33. Kf3 Re5
34. c5 Rxd5 35. cxd6 Rxd6 36. Kxe3 0-1